Statistics for United Kingdom Geography by Letter C - Picture Quiz

Click here to take the quiz!

General Stats

  • This quiz has been taken 257 times
  • The average score is 9 of 15

Answer Stats

Answer% Correct
Cambridge
98%
Cornwall
94%
{Cheddar} Gorge
79%
Cardiff
77%
{Canterbury} Cathedral
72%
Cheshire
69%
Chester
68%
{Clifton} Suspension Bridge
66%
The {Cotswolds}
64%
{Cayman} Islands
56%
Cutty Sark
39%
{Cerne} Abbas Giant
31%
Conwy
26%
Castle Howard
16%
{Carrickfergus} Castle
14%

Score Distribution

Percentile by Number Answered

Percent of People with Each Score

Your Score History

You have not taken this quiz